000 00469nam a22001697a 4500
005 20180814113554.0
008 160430b xxu||||| |||| 00| 0 eng d
020 _a81-203-1426-3
041 _aeng
082 _b1070
_a658.4
100 _aRobbins, P. Stephen. and Mathew, Mary
_94805
245 _aOrganization theory : Structure, design, and Application
260 _aDelhi
_bPrectice hall India,
_c1990
300 _a551p,
650 _aManagement
_9241
942 _cBK
999 _c394
_d394